Etiología de gomosis en durazno (Prunus persica L.) en el municipio de casas grandes, Chihuahua, México / (Record no. 220845)
[ view plain ]
| 000 -CABECERA | |
|---|---|
| campo de control de longitud fija | 03604nam a2200349 a 4500 |
| 003 - IDENTIFICADOR DEL NÚMERO DE CONTROL | |
| campo de control | OSt |
| 005 - FECHA Y HORA DE LA ÚLTIMA TRANSACCIÓN | |
| campo de control | 20250923115746.0 |
| 007 - CAMPO FIJO DE DESCRIPCIÓN FÍSICA--INFORMACIÓN GENERAL | |
| campo de control de longitud fija | cr ||||||a|a|a |
| 008 - DATOS DE LONGITUD FIJA--INFORMACIÓN GENERAL | |
| campo de control de longitud fija | 250822s2025 mx a|||fom||| 001 0 spa d |
| 040 ## - FUENTE DE LA CATALOGACIÓN | |
| Normas de descripción | rda |
| 100 1# - ENTRADA PRINCIPAL--NOMBRE DE PERSONA | |
| Nombre de persona | Panzo Quiahua, Martina |
| 9 (RLIN) | 190965 |
| 245 10 - MENCIÓN DE TÍTULO | |
| Título | Etiología de gomosis en durazno (Prunus persica L.) en el municipio de casas grandes, Chihuahua, México / |
| Mención de responsabilidad, etc. | por Martina Panzo Quiahua; director de tesis Santos Gerardo Leyva Mir; secretario Isabel Nativitas Lima; vocal Moises Camacho Tapia; suplente Calixto Leopoldo Carrillo Fonseca; suplente Candelario Santillan Ortega. |
| 264 #1 - PRODUCCIÓN, PUBLICACIÓN, DISTRIBUCIÓN, FABRICACIÓN Y COPYRIGHT | |
| Producción, publicación, distribución, fabricación y copyright | Chapingo, México : |
| Nombre del de productor, editor, distribuidor, fabricante | El autor, |
| Fecha de producción, publicación, distribución, fabricación o copyright | 2025. |
| 300 ## - DESCRIPCIÓN FÍSICA | |
| Extensión | 1 recurso en línea (47 páginas): |
| Otras características físicas | cuadros, figuras. |
| 336 ## - TIPO DE CONTENIDO | |
| Fuente | rdacontent |
| Término de tipo de contenido | texto |
| Código de tipo de contenido | txt |
| 337 ## - TIPO DE MEDIO | |
| Fuente | rdamedia |
| Nombre/término del tipo de medio | computadora |
| Código del tipo de medio | c |
| 338 ## - TIPO DE SOPORTE | |
| Fuente | rdacarrier |
| Nombre/término del tipo de soporte | recurso en línea |
| Código del tipo de soporte | cr |
| 502 ## - NOTA DE TESIS | |
| Tipo de título | Ingeniero Agrónomo Especialista en Parasitología Agrícola |
| Nombre de la institución que otorga el título | Departamento de Enseñanza, Investigación y Servicio en Parasitología Agrícola, |
| Año de obtención del título | 2025. |
| Información miscelánea | Licenciatura |
| 504 ## - NOTA DE BIBLIOGRAFÍA, ETC. | |
| Nota de bibliografía, etc. | Incluye referencias bibliográficas:45-47 páginas . |
| 520 ## - SUMARIO, ETC. | |
| Sumario, etc. | La investigación se llevó a cabo debido a la importancia que tiene el cultivo de durazno en México. El objetivo fue identificar el hongo causante de la gomosis en durazno, en huertos del municipio de Casas Grandes, Chihuahua, México. Las muestras recolectadas se analizaron en el Laboratorio de Micología de la Universidad Autónoma Chapingo y se aislaron en medios de PDA para su identificación morfológica y molecular, además se realizaron pruebas de patogenicidad en ramas jóvenes. Se obtuvieron dos cepas, de cada cepa se fotografiaron 100 conidios a 40x para la identificación morfológica. Para la caracterización molecular se amplificó el ADN por medio de PCR y luego su secuenciación y el análisis bioinformático. En las pruebas de patogenicidad se observó la interacción del patógeno con su huésped; la cepa 1 provocó una necrosis marrón visible y daño evidente, mientras que la cepa 2 causó una necrosis marrón clara. En la identificación morfológica, la primera, del género Curvularia, presentó colonias gris verduzcas con márgenes blancos y conidios elipsoidales, de extremos redondos, paredes lisas y gruesas, con 2 o 3 septos y dimensiones entre 12.06–30.14 x 6.68–9.80 μm. La segunda cepa, correspondió al género Nothophoma, desarrolló micelio aéreo blanco en los márgenes y un centro color olivo oscuro; sus conidios eran ovalados, lisos y aseptados, con medidas de 3.97-8.68 x 2.63-4.97 μm. Para la identificación molecular, se amplificó el ADN por PCR y se secuenció la región 5.8S del RNA ribosomal (512 pb), mostrando una similitud del 99.8 % con Curvularia spicifera y 100 % de similitud con Nothophoma quercina, con la herramienta BLASTn del NCBI. Este estudio es el primer reporte de C. spicifera y N. quercina como agentes causales de la gomosis en durazno en México; sin reportes científicos publicados previos en el país sobre estos patógenos. |
| 650 #4 - PUNTO DE ACCESO ADICIONAL DE MATERIA--TÉRMINO DE MATERIA | |
| Término de materia o nombre geográfico como elemento de entrada | Curvularia spicifera |
| Subdivisión general | Identificación |
| 9 (RLIN) | 191215 |
| 650 #4 - PUNTO DE ACCESO ADICIONAL DE MATERIA--TÉRMINO DE MATERIA | |
| Término de materia o nombre geográfico como elemento de entrada | Nothophoma quercina |
| Subdivisión general | Identificación |
| 9 (RLIN) | 191217 |
| 650 #4 - PUNTO DE ACCESO ADICIONAL DE MATERIA--TÉRMINO DE MATERIA | |
| Término de materia o nombre geográfico como elemento de entrada | Hongos fitopatógenos |
| Subdivisión general | Identificación |
| 9 (RLIN) | 131720 |
| 650 #4 - PUNTO DE ACCESO ADICIONAL DE MATERIA--TÉRMINO DE MATERIA | |
| Término de materia o nombre geográfico como elemento de entrada | Durazno |
| Subdivisión general | Enfermedades por hongos |
| 9 (RLIN) | 34595 |
| 700 1# - PUNTO DE ACCESO ADICIONAL--NOMBRE DE PERSONA | |
| Nombre de persona | Leyva Mir, Santos Gerardo |
| 9 (RLIN) | 66581 |
| Término indicativo de función/relación | director. |
| 700 1# - PUNTO DE ACCESO ADICIONAL--NOMBRE DE PERSONA | |
| Nombre de persona | Nativitas Lima, Isabel |
| 9 (RLIN) | 129577 |
| Término indicativo de función/relación | secretario. |
| 700 1# - PUNTO DE ACCESO ADICIONAL--NOMBRE DE PERSONA | |
| Nombre de persona | Camacho Tapia, Moises |
| 9 (RLIN) | 17710 |
| Término indicativo de función/relación | vocal. |
| 700 1# - PUNTO DE ACCESO ADICIONAL--NOMBRE DE PERSONA | |
| Nombre de persona | Carrillo Fonseca, Calixto Leopoldo |
| 9 (RLIN) | 19482 |
| Término indicativo de función/relación | suplente. |
| 700 0# - PUNTO DE ACCESO ADICIONAL--NOMBRE DE PERSONA | |
| Nombre de persona | Santillán Ortega, Candelario |
| 9 (RLIN) | 102429 |
| Término indicativo de función/relación | suplente. |
| 856 ## - LOCALIZACIÓN Y ACCESO ELECTRÓNICOS | |
| Identificador Uniforme del Recurso | http://10.13.5.2/tesis/tl/1711971-8_PANZO_QUIAHUA_MARTINA.pdf |
| Nota pública | DESCARGAR PDF |
| 942 ## - ELEMENTOS DE PUNTO DE ACCESO ADICIONAL (KOHA) | |
| Fuente del sistema de clasificación o colocación | Clasificación Universidad Autónoma Chapingo |
| Tipo de ítem Koha | Tesis digital |
| Estado de retiro | Estado de pérdida | Fuente del sistema de clasificación o colocación | Estado dañado | Restricciones de uso | No para préstamo | Código de colección | Localización permanente | Ubicación/localización actual | Ubicación en estantería | Fecha de adquisición | Total de préstamos | Signatura topográfica completa | Fecha visto por última vez | Precio válido a partir de | Tipo de ítem Koha |
|---|---|---|---|---|---|---|---|---|---|---|---|---|---|---|---|
| Clasificación Universidad Autónoma de Chapingo | Préstamo interno | Tesis digitales de Licenciatura | Biblioteca Digital | Biblioteca Digital | En línea | 22/08/2025 | Tesis digita | 22/08/2025 | 22/08/2025 | Tesis digital |
